=LDR 00000nam 2200000 4500 =001 INLIS000000000047685 =990 ##$$a 0001/BPAP-NTB/2016 =005 20160210150146.0 =006 =007 =008 =035 ##$$0010-021600000000073 =082 ##$$a 028.55 =090 ##$$a 028.55 Suw k =100 ##$$a Ibnu Suwardi =245 ##$$a Keajaiban Kupu-Kupu =260 ##$$a Kids =300 ##$$a 31 hlm. =850 ##$$a NPBMAT